Automotive body repairing : (Record no. 10872)
[ view plain ]
| 000 -LEADER | |
|---|---|
| fixed length control field | 00561nam a22001697a 4500 |
| 008 - FIXED-LENGTH DATA ELEMENTS--GENERAL INFORMATION | |
| fixed length control field | 180925b ||||| |||| 00| 0 eng d |
| 020 ## - INTERNATIONAL STANDARD BOOK NUMBER | |
| International Standard Book Number | 978-1-68094-918-6 |
| 082 ## - DEWEY DECIMAL CLASSIFICATION NUMBER | |
| Edition number | 2018 |
| Classification number | DC 629.28 |
| Item number | Au82 |
| 245 ## - TITLE STATEMENT | |
| Title | Automotive body repairing : |
| Remainder of title | intermediate / |
| Statement of responsibility, etc. | edited by 3G E-Learning |
| 250 ## - EDITION STATEMENT | |
| Edition statement | Second Edition |
| 260 ## - PUBLICATION, DISTRIBUTION, ETC. (IMPRINT) | |
| Place of publication, distribution, etc. | New York : |
| Name of publisher, distributor, etc. | 3G E-Learning, |
| Date of publication, distribution, etc. | ©2018. |
| 300 ## - PHYSICAL DESCRIPTION | |
| Extent | v, 332 pages : |
| Other physical details | color illustrations ; |
| Dimensions | 30 cm. |
| 500 ## - GENERAL NOTE | |
| General note | Includes index. |
| 650 ## - SUBJECT ADDED ENTRY--TOPICAL TERM | |
| Topical term or geographic name as entry element | Automobiles -- Maintenance and repair. |
| 9 (RLIN) | 31627 |
| 365 ## - TRADE PRICE | |
| Price amount | 6,995.00 |
| Currency code | Php. |
| 942 ## - ADDED ENTRY ELEMENTS (KOHA) | |
| Source of classification or shelving scheme | Dewey Decimal Classification |
| Koha item type | Circulation |
| Withdrawn status | Lost status | Source of classification or shelving scheme | Damaged status | Not for loan | Collection code | Home library | Current library | Date acquired | Source of acquisition | Cost, normal purchase price | Total Checkouts | Full call number | Barcode | Date last seen | Copy number | Price effective from | Koha item type |
|---|---|---|---|---|---|---|---|---|---|---|---|---|---|---|---|---|---|
| Dewey Decimal Classification | Circulation | UM Digos College - LIC | UM Digos College - LIC | 08/16/2018 | Purchased | 6995.00 | DC 629.28 Au827 2018 | 25213 | 05/15/2025 | 1 | 09/25/2018 | Circulation | |||||
| Dewey Decimal Classification | Circulation | UM Digos College - LIC | UM Digos College - LIC | 02/16/2021 | Purchased | DC 629.28 Au82 2018 | 26106 | 05/15/2025 | 2 | 04/19/2021 | Circulation |
